[Event "Coppa del Mondo FIDE 2013"]
[Site "Tromsø"]
[Date "13.08.2013"]
[Round "1.4"]
[White "Riazantsev, Alexander"]
[Black "Felgaer, Ruben"]
[Result "1/2-1/2"]
[WhiteTitle "GM"]
[BlackTitle "GM"]
[WhiteElo "2700"]
[BlackElo "2586"]
[WhiteFideId "4125029"]
[BlackFideId "107069"]
[EventDate "2013.08.11"]

1. d4 d5 2. c4 c6 3. Nc3 dxc4 4. e4 b5 5. a4 b4 6. Nce2 e6 7. Nf3 Ba6 8. Ng3 c5
9. d5 exd5 10. exd5 Nf6 11. Bg5 Qxd5 12. Qxd5 Nxd5 13. O-O-O h6 14. Re1+ Be7 15.
Bxe7 Nxe7 16. Nf5 Nc6 17. Nd6+ Kd7 18. Nxf7 Rhf8 19. N7e5+ Nxe5 20. Nxe5+ Kc7
21. Bxc4 Bxc4 22. Nxc4 Nc6 23. Re2 Rad8 24. Kb1 Rfe8 25. Re3 Rxe3 26. fxe3 Rf8
27. Rc1 g5 28. b3 Rf2 29. Rc2 Rf1+ 30. Rc1 Rf2 31. Rc2 Rf1+ 32. Kb2 Rg1 33. Rf2
Kd7 34. Rd2+ Ke7 35. Kc2 Nd8 36. Ne5 a6 37. g3 Nf7 38. Nc6+ Ke6 39. Nb8 Nd6 40.
Nxa6 Ne4 41. Nc7+ Ke7 42. Rd5 Nf6 43. Rxc5 Rg2+ 44. Kd3 Rxh2 45. a5 Nd7 46. Rf5
Rb2 47. Nb5 Rxb3+ 48. Kd4 Rb2 49. a6 Ra2 50. a7 b3 51. Rf1 b2 52. Rb1 Nb6 53.
Kc5 Nc8 54. Rxb2 Ra1 55. Rh2 Nxa7 56. Nxa7 Rxa7 57. Rxh6 Ra4 58. Kd5 Rg4 59.
Rh7+ Kf6 60. e4 Rxg3 61. e5+ Kg6 62. Ra7 Rd3+ 63. Ke4 Rb3 64. Ra6+ Kf7 65. Kf5
Rf3+ 66. Kxg5 Ke7 67. Rf6 Rxf6 68. exf6+ Kf7 69. Kf5 Kf8 70. Ke6 Ke8 71. f7+ Kf8
72. Kf6 1/2-1/2

[Event "Coppa del Mondo FIDE 2013"]
[Site "Tromsø"]
[Date "14.08.2013"]
[Round "2.1"]
[White "Caruana, Fabiano"]
[Black "Yu, Yangyi"]
[Result "1-0"]
[WhiteTitle "GM"]
[BlackTitle "GM"]
[WhiteElo "2796"]
[BlackElo "2662"]
[WhiteFideId "2020009"]
[BlackFideId "8603820"]
[EventDate "2013.08.11"]

1. d4 Nf6 2. c4 e6 3. Nf3 d5 4. g3 Bb4+ 5. Bd2 Be7 6. Bg2 O-O 7. O-O c6 8. Qc2
Nbd7 9. Rd1 b6 10. Bf4 Bb7 11. Ne5 Nh5 12. Bd2 Nhf6 13. cxd5 cxd5 14. Nc6 Bxc6
15. Qxc6 Rc8 16. Qb5 Ne8 17. Qd3 Nd6 18. b3 Nf6 19. Nc3 Qd7 20. f3 Nf5 21. e3
Rfd8 22. Ne2 Qc7 23. Rac1 Qd7 24. Rxc8 Qxc8 25. Rc1 Qd7 26. a4 Ba3 27. Rc2 a5
28. Qa6 Rb8 29. Nf4 Bd6 30. Nd3 Ne7 31. Bf1 h6 32. Ne5 Qd8 33. Nc6 Nxc6 34. Rxc6
Ne8 35. Kg2 Ba3 36. Bd3 Nc7 37. Qa7 Ne8 38. Be1 Bd6 39. g4 Bc7 40. Bg3 Bxg3 41.
hxg3 Nd6 42. Rc7 Qf8 43. Kf2 Qe8 44. Re7 Qf8 45. Rc7 Qe8 46. e4 dxe4 47. fxe4 e5
48. dxe5 Ra8 49. Qxa8 Qxa8 50. exd6 Qd8 51. e5 g6 52. Bc4 Qg5 53. Rxf7 Qd2+ 54.
Kf1 Kh8 55. d7 Qd1+ 56. Kg2 Qd2+ 57. Kh3 Qd1 58. Kg2 Qd2+ 59. Kf3 Qd1+ 60. Ke4
Qe1+ 61. Kd5 Qh1+ 62. Kd6 Qa8 63. Ke7 Qb7 64. Ke8 Qc6 65. Rf6 1-0

[Event "Coppa del Mondo FIDE 2013"]
[Site "Tromsø"]
[Date "14.08.2013"]
[Round "2.1"]
[White "Kobalia, Mikhail"]
[Black "Kramnik, Vladimir"]
[Result "1/2-1/2"]
[WhiteTitle "GM"]
[BlackTitle "GM"]
[WhiteElo "2651"]
[BlackElo "2784"]
[WhiteFideId "4119150"]
[BlackFideId "4101588"]
[EventDate "2013.08.11"]

1. e4 e5 2. Nf3 Nc6 3. Bb5 Nf6 4. O-O Nxe4 5. Re1 Nd6 6. Nxe5 Be7 7. Bf1 Nf5 8.
Nf3 d5 9. d4 O-O 10. g3 Re8 11. c3 Bd6 12. Rxe8+ Qxe8 13. Nbd2 f6 14. Bg2 Qf7
15. Nf1 Bd7 16. Bd2 b6 17. Qc2 Re8 18. Re1 Rxe1 19. Nxe1 Nce7 20. Bf3 a5 21. Ng2
g5 22. Nfe3 c6 23. Qd1 Ng7 24. Be2 h5 25. a4 Qg6 26. h4 Nef5 27. hxg5 fxg5 28.
Nxf5 Bxf5 29. Ne3 Be4 30. c4 h4 31. f3 Bd3 32. cxd5 hxg3 33. dxc6 Ne6 34. Bxd3
Qxd3 35. Bc1 Qxd1+ 36. Nxd1 Nxd4 37. Kg2 Nxc6 38. Bxg5 Nd4 39. Be3 Nc2 40. Bxb6
Ne1+ 41. Kh3 g2 42. Nc3 Bc7 43. Bf2 Be5 44. f4 Bg7 45. Bb6 Nd3 46. Kxg2 Nxf4+
47. Kf3 Nd3 48. Nd1 Nxb2 49. Nxb2 Bxb2 50. Ke4 Kf7 51. Kd5 Bc3 52. Kc4 Ke6 53.
Bxa5 1/2-1/2

[Event "Coppa del Mondo FIDE 2013"]
[Site "Tromsø"]
[Date "14.08.2013"]
[Round "2.1"]
[White "Grischuk, Alexander"]
[Black "Swiercz, Dariusz"]
[Result "1-0"]
[WhiteTitle "GM"]
[BlackTitle "GM"]
[WhiteElo "2785"]
[BlackElo "2654"]
[WhiteFideId "4126025"]
[BlackFideId "1126881"]
[EventDate "2013.08.11"]

1. e4 c5 2. Nf3 d6 3. d4 cxd4 4. Nxd4 Nf6 5. Nc3 a6 6. Be3 e5 7. Nb3 Be6 8. h3
Be7 9. f4 exf4 10. Bxf4 Nc6 11. Qe2 O-O 12. O-O-O Ne8 13. Kb1 Bf6 14. Qe3 Rc8
15. g4 Be5 16. Bxe5 Nxe5 17. g5 b5 18. h4 Qc7 19. Nd4 Qc5 20. Qf4 Nc7 21. h5 b4
22. Na4 Qa5 23. b3 Bd7 24. h6 Ne6 25. Qd2 g6 26. Nxe6 Bxe6 27. Bh3 Nf3 28. Qf4
Nxg5 29. Rd5 Bxd5 30. Qf6 1-0

[Event "Coppa del Mondo FIDE 2013"]
[Site "Tromsø"]
[Date "14.08.2013"]
[Round "2.1"]
[White "Sasikiran, Krishnan"]
[Black "Karjakin, Sergey"]
[Result "1/2-1/2"]
[WhiteTitle "GM"]
[BlackTitle "GM"]
[WhiteElo "2660"]
[BlackElo "2772"]
[WhiteFideId "5004985"]
[BlackFideId "14109603"]
[EventDate "2013.08.11"]

1. Nf3 Nf6 2. g3 d5 3. Bg2 e6 4. O-O Be7 5. d3 c5 6. Nbd2 Nc6 7. e4 O-O 8. Re1
a5 9. a4 b6 10. e5 Nd7 11. Nb1 f6 12. exf6 Bxf6 13. Nc3 Nde5 14. Nxe5 Nxe5 15.
Nb5 Nc6 16. c3 Na7 17. Na3 Kh8 18. Be3 e5 19. c4 Be6 20. cxd5 Bxd5 21. Be4 Nc6
22. Nc4 Rb8 23. Qh5 Bxe4 24. dxe4 Qd7 25. Red1 Qe6 26. b3 Nd4 27. Bxd4 cxd4 28.
Rac1 g6 29. Qe2 Be7 30. Rd3 Bb4 31. Rf3 Rfc8 32. Kg2 Kg7 33. Rd3 b5 34. axb5 a4
35. Rb1 Bc3 36. Nd2 Bxd2 37. Qxd2 Rxb5 38. b4 Qc6 39. Qe1 Rb7 40. Ra3 Qb5 41.
Qd1 Ra7 42. Rba1 Rca8 43. Rb1 Rd8 44. Qd3 Qxd3 1/2-1/2

[Event "Coppa del Mondo FIDE 2013"]
[Site "Tromsø"]
[Date "14.08.2013"]
[Round "2.1"]
[White "Filippov, Anton UZB"]
[Black "Gelfand, Boris"]
[Result "1/2-1/2"]
[WhiteTitle "GM"]
[BlackTitle "GM"]
[WhiteElo "2630"]
[BlackElo "2764"]
[WhiteFideId "14200988"]
[BlackFideId "2805677"]
[EventDate "2013.08.11"]

1. e4 c5 2. Nf3 Nc6 3. d4 cxd4 4. Nxd4 Nf6 5. Nc3 e5 6. Ndb5 d6 7. Bg5 a6 8. Na3
b5 9. Nd5 Be7 10. Bxf6 Bxf6 11. c4 b4 12. Nc2 O-O 13. g3 a5 14. Bg2 Bg5 15. O-O
Be6 16. b3 g6 17. Qe2 Bxd5 18. exd5 Nd4 19. Nxd4 exd4 20. Qd3 a4 21. h4 Bf6 22.
Rae1 Re8 23. Rxe8+ Qxe8 24. Qd2 axb3 25. axb3 Qb8 26. h5 d3 27. Qxd3 Qb6 28. Qe2
Qd4 29. Rd1 Qxd1+ 30. Qxd1 Ra1 31. Bf3 Rxd1+ 32. Bxd1 gxh5 33. Bxh5 Bd4 34. Kg2
Kg7 35. f4 h6 36. Kf3 1/2-1/2

[Event "Coppa del Mondo FIDE 2013"]
[Site "Tromsø"]
[Date "14.08.2013"]
[Round "2.1"]
[White "Dubov, Daniil"]
[Black "Ponomariov, Ruslan"]
[Result "1/2-1/2"]
[WhiteTitle "GM"]
[BlackTitle "GM"]
[WhiteElo "2624"]
[BlackElo "2756"]
[WhiteFideId "24126055"]
[BlackFideId "14103320"]
[EventDate "2013.08.11"]

1. c4 Nf6 2. Nc3 e5 3. Nf3 Nc6 4. g3 Bb4 5. Bg2 O-O 6. O-O d6 7. d3 h6 8. Na4 a5
9. e3 Bc5 10. b3 Ba7 11. Bb2 Bd7 12. h3 Ne7 13. Nc3 c6 14. Ba3 Bb8 15. Ne4 1/2-1/2

[Event "Coppa del Mondo FIDE 2013"]
[Site "Tromsø"]
[Date "14.08.2013"]
[Round "2.1"]
[White "Bologan, Viktor"]
[Black "Svidler, Peter"]
[Result "1/2-1/2"]
[WhiteTitle "GM"]
[BlackTitle "GM"]
[WhiteElo "2672"]
[BlackElo "2746"]
[WhiteFideId "13900048"]
[BlackFideId "4102142"]
[EventDate "2013.08.11"]

1. e4 e5 2. Nf3 Nc6 3. Bb5 a6 4. Ba4 Nf6 5. O-O Be7 6. Bxc6 dxc6 7. Re1 Nd7 8.
b3 O-O 9. Bb2 f6 10. d4 exd4 11. Nxd4 Ne5 12. Nd2 Bb4 13. Re2 Bg4 14. f3 Bc5 15.
c3 Nd3 16. b4 Bxd4+ 17. cxd4 Be6 18. Nb3 Nxb2 19. Rxb2 Qd6 20. Nc5 Bc8 21. Rc1
Rd8 22. Rd2 b6 23. Nb3 Be6 24. e5 Qd7 25. Qc2 Bd5 26. Re1 Re8 27. Nc1 a5 28. a3
axb4 29. axb4 Bf7 30. Qc3 Qd5 31. Nd3 Rad8 32. Re4 Qc4 33. Qxc4 Bxc4 34. Nb2 Bd5 1/2-1/2

[Event "Coppa del Mondo FIDE 2013"]
[Site "Tromsø"]
[Date "14.08.2013"]
[Round "2.1"]
[White "Adams, Michael"]
[Black "Kryvoruchko, Yuriy"]
[Result "1/2-1/2"]
[WhiteTitle "GM"]
[BlackTitle "GM"]
[WhiteElo "2740"]
[BlackElo "2678"]
[WhiteFideId "400041"]
[BlackFideId "14109182"]
[EventDate "2013.08.11"]

1. e4 c5 2. Nf3 e6 3. g3 d5 4. exd5 exd5 5. d4 Nf6 6. Bg2 Be7 7. O-O O-O 8. Be3
cxd4 9. Nxd4 Nc6 10. h3 Re8 11. Nc3 Bb4 12. Nce2 Bd6 13. c3 Bd7 14. Nf4 Bxf4 15.
Bxf4 Qb6 16. Nb3 Ne5 17. Be3 Qc7 18. Bd4 Bb5 19. Bxe5 Rxe5 20. Re1 Rae8 21. Rxe5
Rxe5 22. Nd4 Bc6 23. Qd2 h6 24. Re1 Qe7 25. Rxe5 Qxe5 26. Nc2 Kf8 27. Ne3 Ne4
28. Qd3 h5 29. h4 g6 30. a3 Nc5 31. Qd1 Ne4 32. Qd3 Nc5 33. Qd1 Ne4 34. Nc2 Nd6
35. Nd4 Nc4 36. Qc1 Kg7 37. b3 Nd6 38. Qd2 Nf5 39. Nc2 Nd6 40. Nd4 Nf5 41. Nc2
Nd6 42. a4 Nf5 43. a5 Qf6 44. Ne3 Nxe3 45. Qxe3 a6 46. f4 Kf8 47. Bh3 Qd6 48. b4
Bd7 49. Bg2 Be6 50. Kf2 Qd7 51. Qc5+ Kg8 52. Ke3 Qe8 53. Kf2 Qa4 54. Qd4 1/2-1/2

[Event "Coppa del Mondo FIDE 2013"]
[Site "Tromsø"]
[Date "14.08.2013"]
[Round "2.1"]
[White "Ragger, Markus"]
[Black "Vitiugov, Nikita"]
[Result "1/2-1/2"]
[WhiteTitle "GM"]
[BlackTitle "GM"]
[WhiteElo "2680"]
[BlackElo "2719"]
[WhiteFideId "1610856"]
[BlackFideId "4152956"]
[EventDate "2013.08.11"]

1. Nf3 d5 2. d4 Nf6 3. c4 e6 4. Nc3 Bb4 5. cxd5 exd5 6. Bg5 Nbd7 7. e3 h6 8. Bh4
g5 9. Bg3 Ne4 10. Nd2 Nxg3 11. hxg3 Nb6 12. a3 Bd6 13. Qc2 c6 14. e4 dxe4 15.
Ndxe4 Be6 16. O-O-O Qe7 17. Nxd6+ Qxd6 18. Ne4 Qe7 19. Qc5 Qxc5+ 20. dxc5 Nd7
21. Nxg5 Bd5 22. Nh3 Nxc5 23. Nf4 Bb3 24. Re1+ 1/2-1/2

[Event "Coppa del Mondo FIDE 2013"]
[Site "Tromsø"]
[Date "14.08.2013"]
[Round "2.1"]
[White "Giri, Anish"]
[Black "Li, Chao b"]
[Result "1-0"]
[WhiteTitle "GM"]
[BlackTitle "GM"]
[WhiteElo "2737"]
[BlackElo "2693"]
[WhiteFideId "24116068"]
[BlackFideId "8604436"]
[EventDate "2013.08.11"]

1. d4 Nf6 2. c4 g6 3. Nf3 Bg7 4. g3 d5 5. Bg2 dxc4 6. Na3 O-O 7. O-O Nc6 8. Nxc4
Be6 9. b3 Bd5 10. Bb2 a5 11. Ne3 Be4 12. a3 Ne8 13. Ne5 Bxg2 14. Nxg2 Nxe5 15.
dxe5 c6 16. Qxd8 Rxd8 17. Rfd1 Nc7 18. Ne3 Ne6 19. Nc4 Nc5 20. Nxa5 Ra8 21. b4
Na4 22. Rab1 Nxb2 23. Rxb2 Bxe5 24. Rb3 c5 25. Nc4 Bd4 26. b5 Rfd8 27. Rbd3 e5
28. e3 e4 29. R3d2 Bf6 30. Rxd8+ Rxd8 31. Rxd8+ Bxd8 32. Nd6 Be7 33. Nxb7 c4 34.
Na5 c3 35. a4 c2 36. Nb3 Bd8 37. Kf1 Kf8 38. Ke2 Ba5 39. b6 c1=Q 40. Nxc1 Bxb6
41. Nb3 Ke7 42. a5 Ba7 43. Kd2 Kd6 44. Kc3 f5 45. Kc4 Kc6 46. Nd4+ Kb7 47. Kb5
Bb8 48. a6+ Ka8 49. Kb6 Be5 50. Nb5 Kb8 51. a7+ Ka8 52. Ka6 1-0

[Event "Coppa del Mondo FIDE 2013"]
[Site "Tromsø"]
[Date "14.08.2013"]
[Round "2.1"]
[White "Nguyen, Ngoc Truong Son"]
[Black "Andreikin, Dmitry"]
[Result "1/2-1/2"]
[WhiteTitle "GM"]
[BlackTitle "GM"]
[WhiteElo "2625"]
[BlackElo "2716"]
[WhiteFideId "12401110"]
[BlackFideId "4158814"]
[EventDate "2013.08.11"]

1. d4 Nf6 2. c4 e6 3. g3 c5 4. d5 exd5 5. cxd5 d6 6. Nc3 g6 7. Bg2 Bg7 8. Nf3
O-O 9. O-O Re8 10. Re1 a6 11. e4 Bg4 12. Qc2 Bxf3 13. Bxf3 Nbd7 14. a4 c4 15.
Be3 Rc8 16. Be2 Nc5 17. f3 b5 18. axb5 axb5 19. Nxb5 Nxd5 20. Bf2 Nb4 21. Qxc4
Ncd3 22. Qb3 Nxe1 1/2-1/2

[Event "Coppa del Mondo FIDE 2013"]
[Site "Tromsø"]
[Date "14.08.2013"]
[Round "2.1"]
[White "Korobov, Anton"]
[Black "Jobava, Baadur"]
[Result "1-0"]
[WhiteTitle "GM"]
[BlackTitle "GM"]
[WhiteElo "2720"]
[BlackElo "2696"]
[WhiteFideId "14105730"]
[BlackFideId "13601520"]
[EventDate "2013.08.11"]

1. d4 d6 2. Nf3 Nf6 3. c4 c6 4. Nc3 Bf5 5. Nh4 Bd7 6. e4 e5 7. Nf3 Bg4 8. Be2
Nbd7 9. Be3 Be7 10. h3 Bxf3 11. Bxf3 O-O 12. O-O Ne8 13. Bg4 exd4 14. Qxd4 Nc5
15. Rad1 Qc7 16. f4 Nf6 17. Bf3 a5 18. g4 Nfd7 19. g5 Rfe8 20. h4 Bf8 21. Qd2 a4
22. h5 Qa5 23. Qc2 Nb6 24. Be2 Rac8 25. Bf2 Ne6 26. Kh1 Nd7 27. Bg4 a3 28. b3 b5
29. e5 bxc4 30. bxc4 Rb8 31. g6 fxg6 32. hxg6 hxg6 33. Be1 Nxf4 34. Nd5 Qd8 35.
Nxf4 Nxe5 36. Qg2 Nxg4 37. Qxg4 g5 38. Ng6 Be7 39. Qe6+ Kh7 40. Qf5 Kg8 41. Qf7+
Kh7 1-0

[Event "Coppa del Mondo FIDE 2013"]
[Site "Tromsø"]
[Date "14.08.2013"]
[Round "2.1"]
[White "Ortiz Suarez, Isan Reynaldo"]
[Black "Vachier-Lagrave, Maxime"]
[Result "0-1"]
[WhiteTitle "GM"]
[BlackTitle "GM"]
[WhiteElo "2609"]
[BlackElo "2719"]
[WhiteFideId "3507165"]
[BlackFideId "623539"]
[EventDate "2013.08.11"]

1. e4 c6 2. d4 d5 3. Nc3 dxe4 4. Nxe4 Nd7 5. Ng5 Ngf6 6. Bd3 e6 7. N1f3 Bd6 8.
Qe2 h6 9. Ne4 Nxe4 10. Qxe4 Qc7 11. Bd2 b6 12. O-O-O Bb7 13. Qe2 O-O-O 14. Ba6
Rhe8 15. Rhe1 Bxa6 16. Qxa6+ Kb8 17. Qe2 e5 18. Kb1 e4 19. Nh4 Bf4 20. Bxf4 Qxf4
21. g3 Qg5 22. Ng2 Nf6 23. Ne3 Re6 24. Rd2 g6 25. c4 Red6 26. Red1 Qa5 27. c5
Re6 28. Nc4 Qb5 29. Rc1 Nd5 30. Ne5 Qxe2 31. Rxe2 f5 32. cxb6 Ne7 33. bxa7+ Kxa7
34. Rc4 Rd5 35. Re3 c5 36. Rb3 cxd4 37. Rc7+ Ka8 38. Nd7 Rxd7 39. Rxd7 Nc6 40.
Kc1 g5 41. Kd1 f4 42. f3 e3 43. Ke2 g4 44. Rf7 gxf3+ 45. Ke1 Ne5 46. Rxf4 Rc6
47. Kd1 e2+ 48. Kd2 Rc1 0-1

[Event "Coppa del Mondo FIDE 2013"]
[Site "Tromsø"]
[Date "14.08.2013"]
[Round "2.1"]
[White "Bacrot, Etienne"]
[Black "Moiseenko, Alexander"]
[Result "1/2-1/2"]
[WhiteTitle "GM"]
[BlackTitle "GM"]
[WhiteElo "2714"]
[BlackElo "2699"]
[WhiteFideId "605506"]
[BlackFideId "14102560"]
[EventDate "2013.08.11"]

1. e4 c5 2. Nf3 Nc6 3. Bb5 g6 4. O-O Bg7 5. Re1 Nf6 6. e5 Nd5 7. Nc3 Nc7 8. Bxc6
dxc6 9. Ne4 Ne6 10. d3 O-O 11. Be3 b6 12. Qd2 Nd4 13. Nxd4 cxd4 14. Bh6 c5 15.
h4 Qd5 16. Bxg7 Kxg7 17. Ng3 Bb7 18. f3 Qe6 19. b3 1/2-1/2

[Event "Coppa del Mondo FIDE 2013"]
[Site "Tromsø"]
[Date "14.08.2013"]
[Round "2.1"]
[White "Adhiban, Baskaran"]
[Black "Fier, Alexandr"]
[Result "1/2-1/2"]
[WhiteTitle "GM"]
[BlackTitle "GM"]
[WhiteElo "2567"]
[BlackElo "2595"]
[WhiteFideId "5018471"]
[BlackFideId "2107139"]
[EventDate "2013.08.11"]

1. d4 d5 2. c4 e6 3. Nc3 c6 4. e4 dxe4 5. Nxe4 Bb4+ 6. Bd2 Qxd4 7. Bxb4 Qxe4+ 8.
Be2 Na6 9. Ba5 b6 10. Qd6 bxa5 11. Rd1 f6 12. f3 Qe3 13. Qxc6+ Kf7 14. Qxa8 Ne7
15. Qe4 Qb6 16. Rd2 Nc5 17. Qe3 e5 18. Bd3 Rd8 19. Bb1 Rxd2 20. Qxd2 1/2-1/2

[Event "Coppa del Mondo FIDE 2013"]
[Site "Tromsø"]
[Date "14.08.2013"]
[Round "2.1"]
[White "Jakovenko, Dmitry"]
[Black "Eljanov, Pavel"]
[Result "1/2-1/2"]
[WhiteTitle "GM"]
[BlackTitle "GM"]
[WhiteElo "2724"]
[BlackElo "2702"]
[WhiteFideId "4122356"]
[BlackFideId "14102951"]
[EventDate "2013.08.11"]

1. e4 c6 2. d4 d5 3. Nc3 dxe4 4. Nxe4 Bf5 5. Ng3 Bg6 6. h4 h6 7. Nf3 e6 8. Ne5
Bh7 9. Bd3 Bxd3 10. Qxd3 Nd7 11. f4 Bb4+ 12. Bd2 Bxd2+ 13. Qxd2 Ngf6 14. O-O-O
O-O 15. Qe2 Qc7 16. Ne4 Nxe4 17. Qxe4 Rad8 18. Qe3 Nxe5 19. dxe5 1/2-1/2

[Event "Coppa del Mondo FIDE 2013"]
[Site "Tromsø"]
[Date "14.08.2013"]
[Round "2.1"]
[White "Vallejo Pons, Francisco"]
[Black "Le, Quang Liem"]
[Result "1/2-1/2"]
[WhiteTitle "GM"]
[BlackTitle "GM"]
[WhiteElo "2706"]
[BlackElo "2702"]
[WhiteFideId "2205530"]
[BlackFideId "12401137"]
[EventDate "2013.08.11"]

1. e4 c5 2. Nf3 d6 3. d4 cxd4 4. Nxd4 Nf6 5. Nc3 a6 6. Qd3 Nbd7 7. Be2 e6 8. g4
h6 9. Qh3 Nc5 10. f3 g6 11. Be3 Qc7 12. Nb3 b5 13. Nxc5 dxc5 14. O-O-O Nd7 15.
f4 Bb7 16. f5 O-O-O 17. fxe6 fxe6 18. g5 Qe5 19. gxh6 g5 20. Qg3 Qxg3 21. hxg3
Bxh6 22. Bg4 Rde8 23. Rd6 Nf6 24. Bxe6+ Kc7 25. Bxc5 Bxe4 26. Rf1 g4+ 27. Kb1
Bf8 28. Rxa6 Bxc5 29. b4 Bxb4 30. Rxf6 Bxc3 31. Rf7+ Kb8 32. Rb6+ Ka8 33. Ra6+
Kb8 34. Rb6+ Ka8 35. Ra6+ 1/2-1/2

[Event "Coppa del Mondo FIDE 2013"]
[Site "Tromsø"]
[Date "14.08.2013"]
[Round "2.1"]
[White "Fressinet, Laurent"]
[Black "Malakhov, Vladimir"]
[Result "1/2-1/2"]
[WhiteTitle "GM"]
[BlackTitle "GM"]
[WhiteElo "2708"]
[BlackElo "2707"]
[WhiteFideId "608742"]
[BlackFideId "4120787"]
[EventDate "2013.08.11"]

1. d4 d5 2. c4 c6 3. Nf3 Nf6 4. Nc3 a6 5. c5 Nbd7 6. Bf4 Nh5 7. Bd2 Nhf6 8. Bf4
Nh5 9. Bd2 Nhf6 10. g3 g6 11. Bg2 Bg7 12. Qc2 O-O 13. O-O Re8 14. Rad1 b5 15. b4
a5 16. a3 axb4 17. axb4 Nf8 18. Ne5 Bf5 19. Qb3 Qc8 20. Ra1 Be6 21. e3 Ne4 22.
Qb2 Nxc3 23. Bxc3 Rxa1 24. Rxa1 Bxe5 25. dxe5 Bh3 26. Bh1 Qg4 27. Qb3 Ne6 28. f3
Qf5 29. Qb1 Qxb1+ 30. Rxb1 Ra8 31. Ra1 Rxa1+ 32. Bxa1 h5 33. Kf2 Ng7 34. Bc3 1/2-1/2

[Event "Coppa del Mondo FIDE 2013"]
[Site "Tromsø"]
[Date "14.08.2013"]
[Round "2.1"]
[White "Tomashevsky, Evgeny"]
[Black "So, Wesley"]
[Result "1-0"]
[WhiteTitle "GM"]
[BlackTitle "GM"]
[WhiteElo "2706"]
[BlackElo "2710"]
[WhiteFideId "4147235"]
[BlackFideId "5202213"]
[EventDate "2013.08.11"]

1. d4 Nf6 2. c4 g6 3. Nc3 d5 4. Nf3 Bg7 5. Qb3 dxc4 6. Qxc4 O-O 7. e4 Na6 8. a3
c5 9. d5 e6 10. Bg5 exd5 11. Nxd5 Be6 12. O-O-O Bxd5 13. Rxd5 Qe8 14. Bxf6 Bxf6
15. e5 Be7 16. Qb5 c4 17. Kb1 Qxb5 18. Rxb5 Rfc8 19. Rxb7 Nc5 20. Rxe7 Kf8 21.
Rxf7+ Kxf7 22. Bxc4+ Kg7 23. Re1 Rab8 24. Nd2 Rc7 25. Re3 a5 26. Kc2 a4 27. Rc3
Rcb7 28. b4 axb3+ 29. Nxb3 Na4 30. Rd3 Rc7 31. Rd4 Nb6 32. Nd2 Ra7 33. Bb3 Rxa3
34. f4 Ra7 35. Ne4 Rc7+ 36. Kd3 Nd7 37. Be6 Nf8 38. Bd5 Nd7 39. Ke3 Rb2 40. Kf3
Kf8 41. Rd3 Ke7 42. h4 Rc1 43. Kg3 Rcc2 44. Nc3 Nc5 45. Re3 Rd2 46. Bf3 Rd3 47.
Nd5+ Ke6 48. f5+ Kd7 49. e6+ Kd6 50. Re1 Rb8 51. e7 1-0

[Event "Coppa del Mondo FIDE 2013"]
[Site "Tromsø"]
[Date "16.08.2013"]
[Round "2.3"]
[White "Kobalia, Mikhail"]
[Black "Kramnik, Vladimir"]
[Result "1/2-1/2"]
[WhiteTitle "GM"]
[BlackTitle "GM"]
[WhiteElo "2651"]
[BlackElo "2784"]
[WhiteFideId "4119150"]
[BlackFideId "4101588"]
[EventDate "2013.08.11"]

1. e4 e5 2. Nf3 Nc6 3. Nc3 Nf6 4. d4 exd4 5. Nxd4 Bb4 6. Nxc6 bxc6 7. Bd3 d5 8.
exd5 Qe7+ 9. Qe2 Qxe2+ 10. Kxe2 cxd5 11. Rd1 O-O 12. Kf1 1/2-1/2

[Event "Coppa del Mondo FIDE 2013"]
[Site "Tromsø"]
[Date "16.08.2013"]
[Round "2.3"]
[White "Karjakin, Sergey"]
[Black "Sasikiran, Krishnan"]
[Result "1-0"]
[WhiteTitle "GM"]
[BlackTitle "GM"]
[WhiteElo "2772"]
[BlackElo "2660"]
[WhiteFideId "14109603"]
[BlackFideId "5004985"]
[EventDate "2013.08.11"]

1. e4 e5 2. Nf3 Nc6 3. Bb5 a6 4. Ba4 d6 5. O-O Bd7 6. c3 g6 7. d4 Bg7 8. Re1 Nf6
9. d5 Ne7 10. Bxd7+ Nxd7 11. Be3 h6 12. Nfd2 f5 13. f3 Bf6 14. Bf2 O-O 15. c4
Bg5 16. Nc3 b6 17. b4 Nf6 18. c5 h5 19. Nc4 Rb8 20. cxd6 cxd6 21. Qb3 Kh7 22. b5
a5 23. Na4 fxe4 24. fxe4 Nc8 25. h3 h4 26. Qd1 Rb7 27. Nd2 Nh5 28. Nf3 Rbf7 29.
Nxg5+ Qxg5 30. Be3 Nf4 31. Qf3 Qd8 32. Qg4 Kg7 33. Red1 Rh8 34. Rac1 Qe8 35. Rc6
Rhf8 36. Kh2 Rh8 37. Rdc1 Ne7 38. Nxb6 Nxc6 39. dxc6 Qd8 40. Nd5 Nxd5 41. exd5
Rhf8 42. b6 1-0

[Event "Coppa del Mondo FIDE 2013"]
[Site "Tromsø"]
[Date "16.08.2013"]
[Round "2.3"]
[White "Svidler, Peter"]
[Black "Bologan, Viktor"]
[Result "1/2-1/2"]
[WhiteTitle "GM"]
[BlackTitle "GM"]
[WhiteElo "2746"]
[BlackElo "2672"]
[WhiteFideId "4102142"]
[BlackFideId "13900048"]
[EventDate "2013.08.11"]

1. d4 Nf6 2. c4 e6 3. Nc3 Bb4 4. e3 O-O 5. Ne2 d5 6. a3 Bd6 7. Ng3 c5 8. dxc5
Bxc5 9. b4 Be7 10. Bb2 a6 11. cxd5 exd5 12. Bd3 Nc6 13. Nce2 Bd6 14. O-O Be6 15.
f4 Bc7 16. Bc2 Bg4 17. Qd3 Bxe2 18. Nxe2 Re8 19. Bxf6 Qxf6 20. Nc3 Qg6 21. Qxg6
hxg6 22. Nxd5 Rac8 23. Rac1 Bb8 24. Bb3 Ba7 25. Kf2 Kf8 26. Kf3 Rcd8 27. Rc3 Re6
28. g4 Red6 29. Rd1 f5 30. g5 Bb8 31. h4 a5 32. Rcd3 axb4 33. axb4 Ne7 34. b5
Nxd5 35. Bxd5 Ba7 36. e4 fxe4+ 37. Kxe4 Re8+ 38. Kf3 Red8 39. Kg4 Bc5 40. Kf3 b6
41. Kg4 R8d7 42. Be4 Rxd3 43. Bxd3 Rd4 44. Bc2 Rxd1 45. Bxd1 Bd6 46. Bc2 Kf7 47.
Bd3 Bc7 48. Bc4+ Ke7 49. f5 gxf5+ 50. Kxf5 Kf8 51. h5 Bd6 52. Bb3 1/2-1/2